Mezinárodní Baťova konference pro doktorandy a mladé vědecké pracovníky CD s recenzovanými příspěvky

Guardado en:
Detalles Bibliográficos
Autores Corporativos: Mezinárodní Baťova konference pro doktorandy a mladé vědecké pracovníky, Univerzita Tomáše Bati ve Zlíně. Fakulta managementu a ekonomiky
Formato: Libro
Lenguaje:checo
eslovaco
inglés
Publicado: Zlín Univerzita Tomáše Bati ve Zlíně 2010
Materias:
Etiquetas: Agregar Etiqueta
Sin Etiquetas, Sea el primero en etiquetar este registro!

MARC

LEADER 00000nlm$a2200000$$$4500
001 0113298
005 20240109072109.4
020 |a 978-80-7318-922-8 
041 0 |a cze 
041 0 |a slo 
041 0 |a eng 
044 |a CZ 
245 1 0 |a Mezinárodní Baťova konference pro doktorandy a mladé vědecké pracovníky  |b CD s recenzovanými příspěvky 
264 1 |a Zlín  |b Univerzita Tomáše Bati ve Zlíně  |c 2010 
300 |a CD-ROM 
610 2 0 |a manažment 
610 2 0 |a marketing 
610 2 0 |a politika hospodárska 
610 2 0 |a financie 
610 2 0 |a správa verejná 
610 2 0 |a hospodárstvo podniku finančné 
610 2 0 |a hospodárstvo podnikové 
610 2 0 |a psychológia 
610 2 0 |a sociológia 
610 2 0 |a pedagogika 
110 2 |a Mezinárodní Baťova konference pro doktorandy a mladé vědecké pracovníky 
710 2 |a Univerzita Tomáše Bati ve Zlíně. Fakulta managementu a ekonomiky